00533nam a2200169Ia 4500003000400000008004100004040001600045082002000061100001700081245009100098700001600189260006100205300004400266650002000310650001600330650001700346GCL140319s9999 xx 000 0 eng d aGCL / cGCL04aVCb791.43bL J1 aBATO, CONNOR10aTHE JANUARY MAN : ( VIDEO RECORDING ) : bالنغمة القاتلة / cBATO, CONNOR1 aGRANT, FAYE aالقاهرة : bEGYPTIAN HOME ENTERTAINMENT ، c1990 a1\2 INCH:bCOL. ؛ c1 FILM ( 135 MIN )04aMOTION PICTURES04aVIDEO TAPES04aACTION FILMS